Normal view
MARC view
- Marketing management.
Entry Topical Term
001 - CONTROL NUMBER
- control field: 42555
003 - CONTROL NUMBER IDENTIFIER
- control field: OSt
005 - DATE AND TIME OF LATEST TRANSACTION
- control field: 20201113141911.0
008 - FIXED-LENGTH DATA ELEMENTS
- fixed length control field: 201113|| aca||aabn | a|a d
040 ## - CATALOGING SOURCE
- Original cataloging agency: OSt
- Transcribing agency: OSt
150 ## - HEADING--TOPICAL TERM
- Topical term or geographic name entry element: Marketing management.
670 ## - SOURCE DATA FOUND
- Source citation: Work cat.: (OSt): Del Val, Edgar P. 42552, Marketing management in the Philippine setting/, 2000.
